| Tag |
First Indicator |
Second Indicator |
Subfields |
| LEADER |
00000cgm a2200000 i 4500 |
| 001 |
in00003585721 |
| 006 |
m o c |
| 007 |
vz uzazuu |
| 007 |
cr una---unuuu |
| 008 |
140717p20141977cau058 o vleng d |
| 005 |
20260324163633.4 |
| 028 |
5 |
2 |
|a 1076857
|b Kanopy
|
| 035 |
|
|
|a (OCoLC)897410009
|
| 035 |
|
|
|a (CaSfKAN)kan1076857
|
| 040 |
|
|
|a UtOrBLW
|b eng
|e rda
|c UtOrBLW
|d UtOrBLW
|
| 043 |
|
|
|a f-sa---
|
| 245 |
0 |
0 |
|a South Africa :
|b the white laager.
|
| 264 |
|
1 |
|a [San Francisco, California, USA] :
|b Kanopy Streaming,
|c 2014.
|
| 300 |
|
|
|a 1 online resource (1 video file, approximately 58 min.) :
|b digital, .flv file, sound
|
| 336 |
|
|
|a two-dimensional moving image
|b tdi
|2 rdacontent
|
| 337 |
|
|
|a computer
|b c
|2 rdamedia
|
| 337 |
|
|
|a video
|b v
|2 rdamedia
|
| 338 |
|
|
|a online resource
|b cr
|2 rdacarrier
|
| 500 |
|
|
|a Title from title frames.
|
| 518 |
|
|
|a Originally produced by Villon Films in 1977.
|
| 520 |
|
|
|a In their quest for land in Southern Africa, the Boer people fought off the African inhabitants of the land they were invading from a circle of covered wagons, a laager.Long after they had won their battles, they still considered themselves a people besieged by black hordes even though these black hordes were the work force upon which their prosperity depended. With this siege mentality, the Afrikaners of South Africa created the notorious system known as apartheid, strict separation of the races, and maintenance of their white supremacy. Directed by: Peter Davis.
|
| 538 |
|
|
|a Mode of access: World Wide Web.
|
| 650 |
|
0 |
|a South African War, 1899-1902.
|0 http://id.loc.gov/authorities/subjects/sh85125514
|
| 650 |
|
0 |
|a Apartheid
|z South Africa.
|0 http://id.loc.gov/authorities/subjects/sh85005907
|
| 650 |
|
0 |
|a Race discrimination
|z South Africa.
|0 http://id.loc.gov/authorities/subjects/sh2010109259
|
| 655 |
|
7 |
|a Internet videos.
|2 lcgft
|0 http://id.loc.gov/authorities/genreForms/gf2011026337
|
| 655 |
|
7 |
|a Nonfiction films.
|2 lcgft
|0 http://id.loc.gov/authorities/genreForms/gf2011026423
|
| 700 |
1 |
|
|a Davis, Peter,
|e director.
|0 http://id.loc.gov/authorities/names/n85183678
|
| 710 |
2 |
|
|a Kanopy (Firm)
|0 http://id.loc.gov/authorities/names/no2014091415
|
| 856 |
4 |
0 |
|u http://proxy.library.tamu.edu/login?url=https://texasam.kanopystreaming.com/node/76858
|z Connect to this streaming video
|t 0
|
| 999 |
f |
f |
|s 97db6d0b-2534-38d3-a7a1-20f0bfd2c018
|i 167c35a9-f25a-344c-8dd9-6f49b656b95f
|t 0
|
| 952 |
f |
f |
|a Texas A&M University
|b College Station
|c Electronic Resources
|s www_evans
|d Available Online
|t 0
|h No information provided
|
| 998 |
f |
f |
|t 0
|l Available Online
|